000 01360cam a22003494a 4500
001 14802943
003 Nust- CAS-E
005 20180118181407.0
008 070410s2006 enka b 001 0 eng
010 _a 2007273572
020 _a9780471979364 (pbk. : acidfree paper)
020 _a0471979368 (pbk. : acidfree paper)
020 _a9780471979357 (cased : acidfree paper)
020 _a047197935X (cased : acidfree paper)
040 _aDLC
_cDLC
_dDLC
050 0 0 _aQC776
_b.L45 2006
082 _222
_a539.7
_bLIL-N 2001
100 1 _aLilley, J. S.
_q(John S.)
245 1 0 _aNuclear physics :
_bprinciples and applications /
_cJ.S. Lilley.
250 _aRepr. with corrections Jan. 2006.
260 _aChichester ;
_aNew York :
_bJ. Wiley,
_c2006.
300 _axi, 393 p. :
_bill. ;
_c25 cm.
490 0 _aThe Manchester physics series
502 _a0
504 _aIncludes bibliographical references (p. [379]-383) and index.
650 0 _aNuclear physics
_vTextbooks.
856 4 2 _3Publisher description
_uhttp://www.loc.gov/catdir/enhancements/fy0740/2007273572-d.html
856 4 1 _3Table of contents only
_uhttp://www.loc.gov/catdir/enhancements/fy0740/2007273572-t.html
906 _a7
_bcbc
_corigcop
_d3
_encip
_f20
_gy-gencatlg
942 _2ddc
_cBK
999 _c355613
_d355613